000 00599nam a2200193Ia 4500
003 GCL
008 140319s9999 xx 000 0 ara d
040 _aGCL /
_cGCL
082 0 4 _a898
_bا ب
100 1 _aمحمد على اليوسفى (مترجم)
245 1 0 _aالبابا الاخضر /
_cمحمد على اليوسفى (مترجم)
700 1 _aاستورباء، ميغل انجيل
300 _a267 ص
490 _a
650 0 4 _aالقصص المترجمة
650 0 4 _aالادب المكسيكى
650 0 4 _aالقصص المكسيكية المترجمة
942 _2ddc
_cBK
999 _c44731
_d44731